| 000 | 00870nam a22002297a 4500 | ||
|---|---|---|---|
| 001 | 8157 | ||
| 003 | FISKH | ||
| 005 | 20250829101322.0 | ||
| 008 | 250829b cb ||||| |||| 00| 0 eng d | ||
| 020 | _a9781597071864 | ||
| 040 |
_aFISKH _beng _cFISKH _dFISKH |
||
| 050 | _aPZ7.P737 | ||
| 082 | _a741.5 | ||
| 100 | _aPetrucha, Stefan | ||
| 245 |
_aPrilla's talent : _bDisney fairies / _cStefan Petrucha |
||
| 260 |
_aNew York : _bPapercutz, _c2010. |
||
| 300 |
_a79 pages : _bcolor illustrations ; _c19 cm |
||
| 520 | _aPapercutz comics fans meet the Fairies from Pixie Hollow in this collection of four full-color comics stories filled with fantastic fun adventures! Featuring Prilla, Tinker Bell, Bess, Rani and many more, this graphic novel is a wonderful journey readers are sure to remember. | ||
| 650 | _aGraphic Novel | ||
| 942 |
_2ddc _cBK _n0 |
||
| 999 |
_c8157 _d8157 |
||